| 000 | 00609nam a2200193Ia 4500 | ||
|---|---|---|---|
| 008 | 140529s9999 xx 000 0 und d | ||
| 020 | _a9780702033889 | ||
| 050 |
_aRS 160 _b.F86 2012 |
||
| 245 |
_aFundamentals of pharmacognosy and phytotherapy / _cMichael Heinrich ... [et al.] |
||
| 250 | _a2nd ed. | ||
| 260 |
_aEdinburgh : _bElsevier, _cc2012. |
||
| 300 |
_a326 p. : _bill. ; _c25 cm. |
||
| 500 | _aIncludes bibliographical references and index. | ||
| 650 |
_aPharmacognosy _x Methods. |
||
| 650 |
_aPhytotherapy _xMethods. |
||
| 650 | _aPlants, Medicinal. | ||
| 942 |
_kFOR _cBK |
||
| 999 |
_c117566 _d117566 |
||